[Event "Challenge"]
[Site "http://www.queenalice.com/game.php?id=381865"]
[Date "2008.4.4"]
[Round "-"]
[White "Aasimar"]
[Black "limone_br"]
[Result "0-1"]
[WhiteElo "1144"]
[BlackElo "1645"]

1. Nf3 Nc6 2. d4 e6 3. Bf4 Nf6 4. e3 d6 5. Nc3 a6 6. Bd3 Be7 7. O-O Bd7 8. Qd2
h6 9. Rfe1 Ng4 10. Rad1 e5 11. dxe5 dxe5 12. Bg3 O-O 13. h3 Nf6 14. Nxe5 Nxe5
15. Bxe5 Bc6 16. Bxf6 Bxf6 17. Qe2 Qe7 18. Ne4 Bxe4 19. Bxe4 c6 20. c3 Qxe4 21.
Rd7 b5 22. Red1 c5 23. f3 Qe6 24. Rc7 c4 25. Rdd7 Rae8 26. e4 Be5 27. Ra7 Qb6+
28. Kh1 Rd8 29. Qd2 Rxd7 30. Qxd7 Rd8 31. Qxf7+ Kh8 32. Rd7 Rxd7 33. Qe8+ Kh7
34. Qxd7 Bg3 35. Qf5+ Kg8 36. Qd5+ Kf8 37. Qf5+ Ke7 38. Qe5+ Bxe5 0-1

[Event "Challenge"]
[Site "http://www.queenalice.com/game.php?id=381866"]
[Date "2008.4.4"]
[Round "-"]
[White "luccalucas"]
[Black "Aasimar"]
[Result "1-0"]
[WhiteElo "1939"]
[BlackElo "1100"]

1. e4 e5 2. Nf3 Nc6 3. d4 f6 4. Bb5 Nge7 5. d5 Nb4 6. a3 c6 7. Bc4 Nbxd5 8. exd5
cxd5 9. Bxd5 Nxd5 10. Qxd5 Qb6 11. O-O Bd6 12. b4 a5 13. b5 Be7 14. Be3 Qc7 15.
c4 d6 16. Nc3 Bd7 17. Rfd1 O-O-O 18. Na4 Rhe8 19. Bb6 Qb8 20. Bxa5 Bf8 21. Rac1
Be6 22. Nb6+ 1-0

[Event "Challenge"]
[Site "http://www.queenalice.com/game.php?id=385297"]
[Date "2008.4.10"]
[Round "-"]
[White "Aasimar"]
[Black "TomTheKing"]
[Result "0-1"]
[WhiteElo "1234"]
[BlackElo "1366"]

1. Nf3 e6 2. d4 c5 3. Bf4 Nc6 4. e3 c4 5. Bxc4 d5 6. Bb5 a6 7. Bxc6+ bxc6 8. Nc3
Qa5 9. O-O f6 10. a3 e5 11. dxe5 Bc5 12. b4 Qb6 13. exf6 Nxf6 14. bxc5 Qxc5 15.
Ne5 Qxc3 16. Qb1 O-O 17. Qb6 Nd7 18. Qxc6 Qxc6 19. Nxc6 a5 20. Ne7+ Kh8 21. Nxd5
Nf6 22. Nxf6 gxf6 23. e4 Re8 24. Rad1 Bb7 25. Rd7 Bxe4 26. Bh6 Bxc2 27. Bg7+ Kg8
28. Bxf6 Rf8 0-1

[Event "Challenge"]
[Site "http://www.queenalice.com/game.php?id=385560"]
[Date "2008.4.11"]
[Round "-"]
[White "Aasimar"]
[Black "iwanikow"]
[Result "0-1"]
[WhiteElo "1234"]
[BlackElo "1758"]

1. Nf3 d6 2. d4 Nf6 3. Bf4 b6 4. e3 e6 5. Nc3 Be7 6. Bb5+ Bd7 7. Bxd7+ Nbxd7 8.
O-O O-O 9. Qd3 c5 10. Rad1 cxd4 11. Nxd4 e5 12. Bxe5 dxe5 13. Nc6 Qe8 14. Nxe7+
Qxe7 15. Nd5 Nxd5 16. Qxd5 Nf6 17. Qf3 e4 18. Qf5 Rac8 19. f3 exf3 20. Rxf3 Rxc2
21. Qxc2 Ng4 22. Rh3 g6 23. Rd4 Nxe3 24. Qe2 Re8 25. Rd3 Nf5 26. Qxe7 Rxe7 27.
Rd8+ Kg7 28. Kf2 h5 29. g4 hxg4 30. Rhh8 Rc7 31. Rdg8+ Kf6 32. Re8 Rc2+ 33. Re2
Rxe2+ 34. Kxe2 Nd4+ 35. Kd3 Nf3 36. Ke3 Ng5 37. Rc8 Ne6 38. Rc6 g5 39. Kf2 Kf5
40. Rc4 Nc5 41. Rd4 Ne6 0-1

[Event "AUTO-BEG-206"]
[Site "http://www.queenalice.com/game.php?id=386458"]
[Date "2008.4.12"]
[Round "1"]
[White "Gustaver"]
[Black "Aasimar"]
[Result "0-1"]
[WhiteElo "1263"]
[BlackElo "1206"]

1. g3 e5 2. d3 d5 3. Bg2 Nf6 4. Nf3 Nc6 5. O-O Bc5 6. Nc3 d4 7. Nb5 a6 8. Nc3
dxc3 9. bxc3 Be6 10. Nxe5 Nxe5 11. Rb1 b6 12. d4 Rc8 13. dxc5 bxc5 14. Qxd8+
Rxd8 15. Rb7 c6 16. Bf4 Nc4 17. Bc7 Rd2 18. Rb8+ Kd7 19. Rxh8 Kxc7 20. a4 Rxc2
21. Rg8 g6 22. Ra8 Rxe2 23. Bf3 Rc2 24. Rxa6 Bd7 25. a5 Nd2 26. Rd1 Nxf3+ 27.
Kg2 Rxc3 28. Ra7+ Kb8 29. Ra6 Kb7 30. Rb6+ Kc7 31. Rdb1 Kd6 32. a6 Nd5 33. Rd1
Bg4 34. a7 Nh4+ 35. Kh1 Bxd1 36. a8=R Bf3+ 37. Kg1 Rc1# 0-1

[Event "AUTO-BEG-206"]
[Site "http://www.queenalice.com/game.php?id=386459"]
[Date "2008.4.12"]
[Round "1"]
[White "Aasimar"]
[Black "Gustaver"]
[Result "1-0"]
[WhiteElo "1144"]
[BlackElo "1302"]

1. Nf3 g6 2. d4 Nf6 3. Bf4 d6 4. e3 Nc6 5. Nc3 Bg7 6. Bb5 Bd7 7. Bxc6 Bxc6 8.
O-O O-O 9. Re1 Ng4 10. h3 Nxf2 11. Kxf2 Re8 12. Ng5 f6 13. Ne6 g5 14. Nxd8 Rexd8
15. Bg3 Rf8 16. d5 Bxd5 17. Qxd5+ Kh8 18. Nb5 c6 19. Qb3 f5 20. Nc7 Rac8 21. Ne6
Rg8 22. Nxg5 c5 23. Nf7# 1-0

[Event "AUTO-BEG-206"]
[Site "http://www.queenalice.com/game.php?id=386472"]
[Date "2008.4.12"]
[Round "1"]
[White "ivoiran"]
[Black "Aasimar"]
[Result "0-1"]
[WhiteElo "1266"]
[BlackElo "1217"]

1. e4 e5 2. d3 d5 3. Nc3 Nf6 4. Be2 dxe4 5. Bg5 Be7 6. a4 exd3 7. cxd3 O-O 8.
Nf3 Nc6 9. O-O Bg4 10. Ne4 Nxe4 11. dxe4 Qxd1 12. Bxd1 Bxg5 13. Nxg5 Bxd1 14.
Raxd1 Nd4 15. Rd3 Rad8 16. Rfd1 Rd6 17. f4 Ne2+ 18. Kh1 Rxd3 0-1

[Event "AUTO-BEG-206"]
[Site "http://www.queenalice.com/game.php?id=386473"]
[Date "2008.4.12"]
[Round "1"]
[White "Aasimar"]
[Black "ivoiran"]
[Result "1-0"]
[WhiteElo "1243"]
[BlackElo "1266"]

1. Nf3 d5 2. d4 e6 3. Bf4 Na6 4. e3 Nf6 5. Nc3 Bb4 6. a3 Be7 7. Bxa6 bxa6 8. Ne5
Qd6 9. Nxf7 e5 10. Nxd6+ cxd6 11. dxe5 dxe5 12. Bxe5 Ng4 13. Bxg7 Rg8 14. Qxd5
Rxg7 15. Qxa8 Kd8 16. O-O-O+ Kc7 17. Qxa7+ Bb7 18. Nd5+ 1-0

[Event "AUTO-BEG-206"]
[Site "http://www.queenalice.com/game.php?id=386480"]
[Date "2008.4.12"]
[Round "1"]
[White "Jane"]
[Black "Aasimar"]
[Result "0-1"]
[WhiteElo "1557"]
[BlackElo "1100"]

1. e4 e5 2. Nf3 Nc6 3. Bb5 Nge7 4. Bxc6 Nxc6 5. d3 Bc5 6. Be3 Bxe3 7. fxe3 d6 8.
d4 exd4 9. exd4 Bg4 10. h3 Bxf3 11. gxf3 Qh4+ 12. Kd2 Qf2+ 13. Kc3 Qe3+ 14. Qd3
Qg5 15. d5 Ne5 16. Qf1 Qe3+ 17. Kb4 c5+ 18. Ka4 Qd4+ 19. c4 Nxc4 20. Qd1 Nxb2+
21. Ka3 Nxd1 22. Nd2 Qb2+ 23. Ka4 Qb4# 0-1

[Event "AUTO-BEG-206"]
[Site "http://www.queenalice.com/game.php?id=386481"]
[Date "2008.4.12"]
[Round "1"]
[White "Aasimar"]
[Black "Jane"]
[Result "1-0"]
[WhiteElo "1144"]
[BlackElo "1618"]

1. Nf3 e6 2. d4 Nc6 3. Bf4 Bd6 4. Bxd6 cxd6 5. e3 d5 6. Nc3 Qb6 7. Bd3 d6 8. O-O
e5 9. dxe5 dxe5 10. Nxd5 Qa5 11. Bb5 Be6 12. Bxc6+ bxc6 13. Nc3 Ne7 14. Ng5 h6
15. Nge4 O-O 16. Qf3 Ng6 17. g3 Qb4 18. Nd1 Bd5 19. Ndc3 Qxb2 20. Nxd5 cxd5 21.
Nd6 Qxc2 22. Qxd5 Ne7 23. Qb7 Ng6 24. Rac1 Qxa2 25. Rc7 a5 26. Nxf7 Rxf7 27.
Qxa8+ Kh7 28. Rxf7 Qxf7 29. Qxa5 Qf6 30. f4 exf4 31. exf4 Qd4+ 32. Kg2 Qb2+ 33.
Kh3 Ne7 34. Re1 Ng6 35. Qa6 Nxf4+ 36. gxf4 Qc3+ 37. Kg4 h5+ 38. Kxh5 Qh3+ 39.
Kg5 Qg2+ 40. Kf5 g6+ 41. Kf6 Qxh2 42. Re7+ Kh6 43. Qd6 Qh4+ 44. Kf7 Kh5 45.
Qxg6# 1-0

[Event "Challenge"]
[Site "http://www.queenalice.com/game.php?id=393526"]
[Date "2008.4.26"]
[Round "-"]
[White "luccalucas"]
[Black "Aasimar"]
[Result "1-0"]
[WhiteElo "1990"]
[BlackElo "1252"]

1. e4 e5 2. Nf3 Nc6 3. d4 d6 4. d5 Nb4 5. Nc3 c6 6. a3 Na6 7. dxc6 bxc6 8. b4
Nf6 9. Bc4 d5 10. exd5 cxd5 11. Bxd5 Nxd5 12. Qxd5 Qxd5 13. Nxd5 Bd6 14. O-O O-O
15. Bg5 Bb7 16. Be7 Bxe7 17. Nxe7+ Kh8 18. Nxe5 Rae8 19. N7c6 Bxc6 20. Nxc6 Re2
21. c4 Rc8 22. Rad1 g6 23. c5 Rxc6 24. b5 Rxc5 25. bxa6 Ra5 26. Rd7 Kg7 27. Rxa7
Rae5 28. Ra8 Re1 29. a7 Rxf1+ 30. Kxf1 Ra5 31. Ke2 Rxa3 32. h4 Ra2+ 33. Kd3 Kf6
34. g3 Rxf2 35. Re8 Rf3+ 36. Re3 Rxe3+ 37. Kxe3 Kf5 38. g4+ Kxg4 39. a8=Q Kxh4
40. Kf4 f5 41. Qh1# 1-0

[Event "Challenge"]
[Site "http://www.queenalice.com/game.php?id=409720"]
[Date "2008.5.28"]
[Round "-"]
[White "Aasimar"]
[Black "Hagi"]
[Result "0-1"]
[WhiteElo "1252"]
[BlackElo "1515"]

1. Nf3 d5 2. d4 Nf6 3. Bf4 e6 4. e3 Be7 5. Nc3 O-O 6. Bd3 a6 7. Ng5 Nc6 8. Bxh7+
Nxh7 9. Nxh7 Kxh7 10. Qh5+ Kg8 11. O-O Bf6 12. Be5 Bxe5 13. dxe5 b5 14. e4 dxe4
15. Nxe4 g6 16. Qh6 f5 17. Ng5 Qd7 18. Qxg6+ Qg7 19. Qh5 Nxe5 20. Nf3 Nf7 21.
Nd4 Bb7 22. f3 Qxd4+ 23. Rf2 Qxb2 0-1